Statistics for Basic Elements Study Quiz

Click here to take the quiz!

General Stats

  • This quiz has been taken 53 times
    (24 since last reset)
  • The average score is 39 of 43

Answer Stats

HintAnswer% Correct
AlAluminum
100%
BBoron
100%
CaCalcium
100%
FFluorine
100%
HeHelium
100%
HHydrogen
100%
IIodine
100%
PPhosphorus
100%
ZnZinc
100%
ArArgon
95%
ClChlorine
95%
AuGold
95%
FeIron
95%
KrKrypton
95%
LiLithium
95%
MgMagnesium
95%
NiNickel
95%
KPotassium
95%
AgSilver
95%
SSulfur
95%
XeXenon
95%
BrBromine
90%
CCarbon
90%
CuCopper
90%
GaGallium
90%
PbLead
90%
NeNeon
90%
NNitrogen
90%
SiSilicon
90%
NaSodium
90%
CoCobalt
85%
MnManganese
85%
OOxygen
85%
SnTin
85%
UUranium
85%
AsArsenic
80%
CdCadmium
80%
HgMercury
75%
SeSelenium
75%
TiTitanium
75%
WTungsten
75%
CrChromium
70%
PtPlatinum
70%

Score Distribution

Percentile by Number Answered

Percent of People with Each Score

Your Score History

You have not taken this quiz since the last reset